000 00642nam a2200205Ia 4500
008 191130s2004##################000#0#eng##
020 _a9780761929079
022 _a2003011981
040 _aACL
_cACL
082 _a306.42 ROS
100 _aRoss, Norbert
245 _aCulture & cognition : implications for theory and method
_cby Norbert Ross
260 _aThousand Oaks, CA
_bSAGE Publications
_cc2004
300 _aix, 203 p. ; 24 cm
500 _aIncludes bibliographical references (p. 177-189) and index
650 _aCognition and culture
990 _a8ac4c5feac10000c1a833fd7bdd9f974
991 _a199927
999 _c142936
_d142936